000 00341nam a2200145Ia 4500
003 OSt
005 20240311161509.0
008 170523s9999 xx 000 0 und d
020 _a978-9332560086
040 _ciimtu meerut
100 _aSUNDRAM- BLACK
245 4 _aTHE INTERNATIONAL BUSINESS ENVIRONMENT
260 _bPHI
942 _2ddc
_c02
999 _c1436
_d1436